000 004510000a22001810004500
003 MACL
005 20150711161033.0
008 150711b xxu||||| |||| 00| 0 eng d
040 _aMACL
_cMACL
041 _aEnglish
082 _a320
100 _aShah, Parthiv
_91181
245 _aArtist Against Communalism
260 _bSafdar Hashmi Memorial Trust
_c1992
_aNew Delhi
350 _a105
650 _aPolitical Science
_988
942 _cBK
_k320
_2ddc
999 _c4975
_d4975